Focus 4 Unit 1 Słownictwo - Statystyki

Ogólne statystyki
  • Ten quiz został rozwiązany 19 razy
  • Średni wynik to 55 z 195
Statystyki odpowiedzi
Hint Odpowiedź % Poprawnych
podobać się appeal
92%
atrakcyjny appealing
85%
zbroja armour
85%
przyjść na wykład attend a lecture
85%
przystępny accessible
77%
prześladowca bully
77%
główny core
77%
pogłębiać wiedzę deepen your knowledge
77%
uzdolniony gifted
77%
bohater hero
77%
projektowanie design
69%
zakłócający spokój disruptive
69%
dyslektyczny dyslexic
69%
wymagający strict
69%
kultura młodzieżowa youth culture
69%
zostać wydalonym get expelled
62%
specjalizować się w major in
62%
zarządzanie managment
62%
zasada principle
62%
zdawać egzamin sit an exam
62%
kujon swot
62%
irytujący annoying
54%
skład chemiczny chemical composition
54%
złożony complex
54%
wciągający engaging
54%
mieć zaległości fall behind
54%
otrzymać stypendium naukowe get a scholarship
54%
zacząć się czymś zajmować go into
54%
przemysł muzyczny music industry
54%
odżywianie nutrition
54%
przebrnąć scrape through
54%
uspokoić się settle down
54%
czarny charakter villain
54%
burza mózgów brainstorm
46%
kaplica chapel
46%
najwcześniejsze wspomnienie earliest memory
46%
zapisać się na kurs enrol on a course
46%
wiercić się fidget
46%
zdobyć tytuł naukowy get a degree
46%
wygłosić wykład give a lecture
46%
zrezygnować z czegoś give up on
46%
przejść do robienia czegoś go on to
46%
kończyć studia graduate
46%
mieć pamięć fotograficzną have a photographic memory
46%
mieć żywe wspomnienie czegoś have a vivid memory of
46%
chętny do zrobienia czegoś keen to do
46%
trudności w uczeniu się learning disorder
46%
leworęczny left handed
46%
zmyślić make up
46%
wizualizować visualise
46%
bystry brainy
38%
ścigać chase
38%
skarżyć się na coś complain about
38%
zburzyć demolish
38%
pedagog educationalist
38%
dostawać najlepsze oceny get top marks
38%
charakter pisma handwriting
38%
pamiętać coś wyraźnie have a clear memory of
38%
mieć odległe wspomnienia czegoś have a distant memory of
38%
mieć dobrą pamięć do have a good memory for
38%
mieć słabą pamięć do have a terrible memory for
38%
mieć mgliste wspomnienia czegoś have a vague memory of
38%
poprawiać pamięć improve your memory
38%
skłonny do inclined towards
38%
odświeżyć pamięć jog your memory
38%
pobłażliwy lienient
38%
stracić pamięć lose your memory
38%
pominąć coś omit
38%
pieszy pedestrian
38%
osobowość personality
38%
przełożyć na później postpone
38%
wytryskać squirt
38%
być świadkiem witness
38%
postęp advance
31%
dużo a great deal
31%
zostać znalezionym nieprzytomnym be found unconscious
31%
być interesującym dla be of interest to
31%
być mózgiem czegoś be the brains behind
31%
bagażnik samochodowy boot
31%
przeszkadzać disturb
31%
wygłosić przemowę give a speech
31%
mieć słabą pamięć have memory like a sieve
31%
nauczyć się na pamięć memorise
31%
opowiadanie narrative
31%
odrzucać reject
31%
zdyscyplinowany self-disciplined
31%
zajmować się jakąś dziedziną work in the field of
31%
dokładnie accurately
23%
zostać porażonym piorunem be hit by lightning
23%
być nieprzytomnym be left unconscious
23%
zdeterminowany determined
23%
istotna część essential part
23%
witać greet
23%
wręczyć, oddać hand in
23%
doznać olśnienia have a brainwave
23%
mieć wpływ na have an impact on
23%
pasjonować się czymś have a passion for
23%
stale o czymś myśleć have sth on the brain
23%
osoba leworęczna left hander
23%
stracić panowanie nad sobą lose your temper
23%
skromny modest
23%
komórka nerwowa nerve cell
23%
nagle, z dnia na dzień overnight
23%
widzenie, postrzeganie perception
23%
odkładać coś na później put sth off
23%
udzielić nagany reprimand
23%
wymienić swap
23%
mieć skłonności do robienia czegoś tend to do
23%
nakłaniać kogoś do robienia czegoś urge sb to do
23%
pisać pracę podyplomową write a dissertation
23%
nabyć umiejętności acquire a skill
15%
skojarzenie association
15%
uderzenie w głowę bang on the head
15%
z pewnością certainly
15%
otrzymywać tantiemy charge royalties
15%
niezdarny clumsy
15%
obudzić się ze śpiączki come out of a coma
15%
rekompensować compensate for
15%
konfiskować confiscate
15%
zdecydowanie definitely
15%
odczuć pragnienie get an urge
15%
naturalna tendencja do używania jednej ręki częściej od drugiej handedness
15%
półkula hemisphere
15%
sądząc po czymś judging by
15%
stracić przytomność lose consciousness
15%
neuroprzekaźnik neurotransmitter
15%
oczywisty obvious
15%
uważać na lekcji pay attention in class
15%
powracać do zdrowia po urazie recover from an injury
15%
przekąski, napoje refreshments
15%
odzyskać przytomność regain consciousness
15%
pozostawać zagadką remain a mystery
15%
zespół savanta savant syndrome
15%
odblokować unlock
15%
wzrok vision
15%
mowa powitalna welcome speech
15%
przewód, kabel wire
15%
wykształcenie akademickie academic training
8%
zająć się czymś adress
8%
ogłoszenie announcement
8%
wydawać się appear
8%
składać się z be made up of
8%
zostać porażonym piorunem be struct by lightning
8%
pewność certainty
8%
składać się z consist of
8%
olśniewać dazzle
8%
zadowolony delighted
8%
nabrać ochoty develop a desire
8%
zapaść w śpiączkę fall into a coma
8%
umożliwić enable
8%
mieć ochotę fancy
8%
urządzać przyjęcie hold
8%
na czyjąś cześć in honour of
8%
znokautować kogoś knock sb out
8%
pominąć coś leave sth out
8%
odnieść sukces zawodowy make a successful living
8%
naukowiec zajmujący się teorią liczb number theorist
8%
automat telefoniczny payphone
8%
zburzyć pull down
8%
wjechać na drogę pull out
8%
przypomnieć sobie recall
8%
uwalniać release
8%
odczuwający ulgę relieved
8%
prosić o require
8%
szlifować umiejętność sharpen a skill
8%
rozwiązać zagadkę solve a mystery
8%
skarcić tell sb off
8%
odrzucić kogoś turn sb down
8%
przyjęcie powitalne welcome party
8%
aula assembly hall
0%
sądząc po czymś based on
0%
mieć czegoś po uszy be up to your eyes in
0%
ewidentnie clearly
0%
zdezorientowany confused
0%
zwyczaj, tradycja custom
0%
zajmować się czymś deal with
0%
pełen entuzjazmu enthusiastic
0%
student uczestniczący w wymianie studenckiej exchange student
0%
wymiana studencka exchange trip
0%
wyraz twarzy expresion
0%
spotkanie towarzyskie get together
0%
zwiedzanie z przewodnikiem guided tour
0%
trudno powiedzieć hard to sure
0%
rodzina goszcząca host family
0%
nawiasem mówiąc incidentally
0%
mieć zamiar intend to
0%
naturalna skłonność natural inclination
0%
znosić, tolerować put up with
0%
przyjęcie reception
0%
niezwykły remarkable
0%
doznać urazu suffer an injury
0%
centrala telefoniczna telephone exchange
0%
kolekcje brytyjskich klejnotów koronnych the crown jewels
0%
podekscytowany thrilled
0%
brak pewności uncertainty
0%
Nie znaleziono quizów pasujących do podanych kryteriów
Rozkład punktacji
Procent ludzi z każdym wynikiem
Percentyl według liczby udzielonych odpowiedzi
Twoja historia wyników
Nie rozwiązałeś tego quizu